000 00897cam a22003133a 4500
001 26169
003 PGUSA
005 20140828083549.0
008 080801s2008||||xxu|||||s|||||000 | eng d
040 _aPGUSA
_beng
042 _adc
050 4 _aPR
100 1 _aShakespeare, William,
_d1564-1616
245 1 0 _aLa Tempesta
_h[electronic resource] /
_cWilliam Shakespeare
260 _bProject Gutenberg,
_c2008
506 _aPublic domain in the USA.
516 _aElectronic text
653 _aShipwreck victims -- Drama
653 _aTragicomedy
653 _aIslands -- Drama
653 _aFathers and daughters -- Drama
653 _aSpirits -- Drama
653 _aMagicians -- Drama
653 _aPolitical refugees -- Drama
700 1 _aAngeli, Diego,
_d1870-1937
830 0 _aProject Gutenberg
_v26169
856 4 0 _uhttp://www.gutenberg.org/ebooks/26169
942 _cEB
999 _c255424
_d255424